000
00330 a2200157 4500
001
186045
020
_a
84-87099-71-8
040
_c
Magnum
100
_a
Miguel, Lourdes
240
1
0
_a
Vacaciones al sol
_l
ESP
245
1
0
_a
Vacaciones al sol
300
_a
48
362
0
_a
1998
697
_a
LITERATURA ESPANHOLA
942
_c
BK
999
_c
186045
_d
186045